| 000 | 00473nam a2200193Ia 4500 | ||
|---|---|---|---|
| 005 | 20250423100006.0 | ||
| 008 | 250422s9999 xx 000 0 und d | ||
| 020 | _a1405120665 | ||
| 050 | _aRG 526 .C43/ | ||
| 100 | _aHamilton-Fairley, Diana. | ||
| 245 | 0 | _aLecture notes on obstetrics and gynaecology | |
| 250 | _a2nd ed. | ||
| 260 | _aMalden | ||
| 260 | _bBlackwell Pub. | ||
| 260 | _cc2004 | ||
| 300 | _a336 p | ||
| 650 | _aObstetrics Gynecology | ||
| 942 | _cBK | ||
| 999 |
_c31959 _d31959 |
||